Agronomic performance of intacta RR2 soybean submitted to doses of glyphosate (Registro n. 8964)
[ somente texto ]
| 000 -LÍDER | |
|---|---|
| fixed length control field | 04120nab a2200337 i 4500 |
| 003 - CÓDIGO MARC DA AGÊNCIA CATALOGADORA | |
| Campo de controle | BR-BrBNA |
| 005 - DATA E HORA DA ÚLTIMA ATUALIZAÇÃO | |
| Campo de controle | 20230829133635.0 |
| 008 - CAMPO DE TAMANHO FIXO | |
| fixed length control field | 230425b2018 bl.ar|pooa||| 00| 0 eng | |
| 040 ## - FONTE DA CATALOGAÇÃO | |
| Agência catalogadora | BR-BrBNA |
| Idioma da catalogação | eng |
| 072 ## - CATEGORIA AGRIS | |
| Código AGRIS | H60 |
| Código do objeto | 0336 |
| 100 ## - ENTRADA PRINCIPAL - NOME PESSOAL | |
| Nome pessoal | Cesco, V.J.S. |
| 100 ## - ENTRADA PRINCIPAL - NOME PESSOAL | |
| Nome pessoal | Krenchinski, F.H. |
| 100 ## - ENTRADA PRINCIPAL - NOME PESSOAL | |
| Nome pessoal | Rodrigues, D.M. |
| 100 ## - ENTRADA PRINCIPAL - NOME PESSOAL | |
| Nome pessoal | Nardi, R. |
| 100 ## - ENTRADA PRINCIPAL - NOME PESSOAL | |
| Nome pessoal | Albrecht, A.J.P. |
| 100 ## - ENTRADA PRINCIPAL - NOME PESSOAL | |
| Nome pessoal | Albrecht, L.P. |
| 245 ## - TÍTULO PRINCIPAL | |
| Título principal | Agronomic performance of intacta RR2 soybean submitted to doses of glyphosate |
| 500 ## - NOTA GERAL | |
| Nota geral | Publicação on-line; 30 ref.; 1 table; 12 illus.; Summaries (En, Pt) |
| 942 ## - ADDED ENTRY ELEMENTS (KOHA) | |
| Koha item type | |
| 520 ## - NOTA DE RESUMO | |
| Nota de conteúdo | <br/><br/>ABSTRACT - This study aimed at evaluating the agronomic performance of Intacta<br/>RR2 soybean submitted to the application of glyphosate doses in post-emergence. For<br/>this, two experiments were conducted in two locations (Palotina and Marechal Cândido<br/>Rondon - Paraná state). Applications were carried out with increasing rates of<br/>glyphosate (0, 720, 1,440, 2,160, 2,880, 3,600, 4,320 g a.e. ha-1), constituting seven<br/>treatments with an experimental design in randomized blocks with four replications,<br/>totaling 28 plots for each location. The cultivar used for both experiments was Monsoy<br/>6210 Intacta RR2 IPROTM. The analyzed variables were phytotoxicity at 3, 7, 14, 21 and<br/>28 DAA, A-B and total chlorophyll index, final height, number of pods, 100-seed weight,<br/>and yield. A regression analysis was used. There was a positive behavior of the linear<br/>regression for phytotoxicity and a negative one for final height, number of pods, A-B<br/>and total chlorophyll index, and yield in the city of Palotina. In Marechal Cândido<br/>Rondon, there were adjustments of the positive linear regressions for phytotoxicity,<br/>and negative linear regressions for chlorophyll index, final height, number of pods and<br/>yield. Results show that the glyphosate increase from the dose 1,440 g a.e. ha-1 in the<br/>studied cultivar damaged the agronomic performance of the culture.<br/><br/>Keywords: Glycine max, yield, phytotoxicity, herbicides, transgenic soybean.<br/><br/><br/> |
| 520 ## - NOTA DE RESUMO | |
| Nota de conteúdo | <br/><br/>RESUMO - O presente trabalho objetivou avaliar o desempenho agronômico da<br/>soja Intacta RR2 submetida à aplicação de doses de glyphosate em pós-emergência.<br/>Para isso, foram realizados dois experimentos em duas localidades (Palotina-PR<br/>e Marechal Cândido Rondon-PR). Foram feitas aplicações de doses crescentes de<br/>glyphosate (0, 720, 1.440, 2.160, 2.880, 3.600 e 4.320 g e.a. ha-1), constituindo<br/>sete tratamentos em delineamento em blocos ao acaso com quatro repetições,<br/>totalizando 28 parcelas para cada local. O cultivar utilizado em ambos os<br/>experimentos foi o Monsoy 6210 Intacta RR2 IPROTM. As variáveis analisadas<br/>foram fitotoxicidade aos 3, 7, 14, 21 e 28 DAA, índice de clorofila A, B e total,<br/>altura final, número de vagens, massa de 100 sementes e produtividade. Foi<br/>empregada a análise de regressão. Houve comportamento positivo da regressão<br/>linear para a fitotoxicidade e negativo para altura final, número de vagens, índice<br/>de clorofila A, B e total e, ainda, produtividade no município de Palotina. Em<br/>Marechal Cândido Rondon, houve ajustes de regressões lineares positivas para a<br/>fitotoxicidade e negativas para índice de clorofila total, altura final, número de<br/>vagens e produtividade. A partir dos resultados, verificou-se que o aumento das<br/>doses de glyphosate a partir de 1.440 g e.a. ha-1 no cultivar estudado prejudicou o<br/>desempenho agronômico da cultura.<br/><br/>Palavras-chave: Glycine max, produtividade, fitotoxicidade, herbicidas, soja<br/>transgênica. |
| 650 ## - ASSUNTO - THESAGRO | |
| Cabeçalho tópico ou nome geográfico | GLYCINE MAX |
| 650 ## - ASSUNTO - THESAGRO | |
| Cabeçalho tópico ou nome geográfico | SOJA |
| 650 ## - ASSUNTO - THESAGRO | |
| Cabeçalho tópico ou nome geográfico | PRODUTIVIDADE |
| 650 ## - ASSUNTO - THESAGRO | |
| Cabeçalho tópico ou nome geográfico | FITOTOXICIDADE |
| 650 ## - ASSUNTO - THESAGRO | |
| Cabeçalho tópico ou nome geográfico | HERBICIDA |
| 650 ## - ASSUNTO - THESAGRO | |
| Cabeçalho tópico ou nome geográfico | PLANTA TRANSGÊNICA |
| 773 0# - ENTRADA ANALÍTICA | |
| Host Biblionumber | 886 |
| Registro do item | 1815 |
| Imprenta | Londrina-PR : Sociedade Brasileira da Ciência das Plantas Daninhas, 1978 |
| Outro identificador | 2023-031022 |
| Título | Planta Daninha (Brazil) |
| ISSN | 0100-8358; 1806-9681 (on-line) |
| Colação | v. 36 p. 1-10; (2018) |
| Número de controle de registro | BR2023000106 |
| 856 ## - ACESSO E ENDEREÇO ELETRÔNICO | |
| Identificador uniforme de recurso - URI | https://www.scielo.br/j/pd/a/kMtgBzgqyDPPTsQ9Cph64kg/?format=pdf&lang=en |
Nenhum exemplar disponível.

BINAGRI